01147 2200217 4500001002100000005001500021035002500036008004100061245054800102100001900650260007400669300005100743020002200794084000800816520001900824650002000843856000900863990001900872990001900891990001900910INLIS00000000000482320251216102949 a0010-121900000004823251216 | ind 1 a25 Proyek desain dengan photoshop :bPhotoshop hingga saat ini masih merajai software desain. Jika serius ingin eksis di dunia desain, Photoshop wajib Anda kuasai. Photoshop bukan sekadar sebuah program editor gambar seperti yang diduga sebagian orang. Banyak hal yang bisa dilakukan dengan Photoshop. Hanya dengan program ini, Anda bisa merambah desain web, desain interface, desain ikon, menggambar karakter, dan tentu saja editing foto. Buku ini ingin memperlihatkan berbagai jenis desain yang bisa Anda buat di Photoshop. /cMohammad jepri0 aMohammad jepri aElek Media Komputindo:Jakarta :bElek Media Komputindo:Jakarta,c2018 ai.253hlm : 14 x 21 cm ;ci.253hlm : 14 x 21 cm a978-602-04-8883-7 a5,5 aDAK 2019 3 EKS 4aPhotoshop 005.5 aUmum aB2019112511943 aB2019112511944 aB2019112511945